000 01103 a2200217 4500
005 20080904150920.0
008 080904t xxu||||| |||| 00| 0 hin d
010 _aHIN-79924
020 _c200.00
_a8188534057
035 _aHN-52270
037 _bD.B.Act / pub
082 _a639.9
100 _aभार्गव, प्रमोद
245 _aवन्य जीव एवं पर्यावरण संरक्षण
_cप्रमोद भार्गव
246 _aVanya jeev avam paryavaran sanrakshan
_bby Pramod Bhargava
260 _aदिल्ली
_bग्रंथ भारती
_c2002
270 _a5/288, गली नं.5, वैस्ट कान्तीनगर
_bदिल्ली
_e110051
300 _a192पृ
_c22 सेमी (सजिल्द)
_b(सचित्र)
942 _adpl
_cHN
_k639.9 / भार्गव
_2ddc
_h639.9
_mभार्गव
999 _c4184
_d4184